LEADER 02922nam 2200385z- 450 001 9910671103203321 005 20180406082454.0 035 $a(CKB)5470000001388912 035 $a(EXLCZ)995470000001388912 100 $a20220406c2017uuuu -u- - 101 0 $aeng 200 10$aBusiness bribes $ecorporate corruption and the courts /$fCecil C. Kuhne III 210 $cAmerican Bar Association 311 $a1-63425-925-4 327 $aPart 1. Domestic bribes -- Winter Olympic games : violating state bribery laws -- Hotel management : a question of kickbacks -- Housing repair contractor : bribe or gratuity? -- Handbag manufacturer : an evidentiary question -- Telephone utility : a case of price rigging -- Seismic information : selling surreptitiously -- Personal injury referrals : a labor union investigation -- Real estate development : contributions to a mayoral candidate -- Hospital contracts : the limitations issue -- Oil field supply : coercing contracts -- Printing services : commercial bribery and treble damages -- Indian casinos : neither public nor private -- Part 2. Foreign bribes -- Oil from Azerbaijan : a case of investor liability -- More oil from Azerbaijan : jurisdiction over foreign nationals -- Rice to Haiti : business as usual -- Nigerian offshore rigs : identifying the bribe taker -- Construction in India : the retaliatory discharge -- Mexican electricity : pursuing state-owned corporations -- Panamanian petrochemicals : the legal malpractice angle -- Tobacco to Venezuela : excluding the private right of action -- Hungarian telecommunications : assertion of judicial jurisdiction -- Kazakhstan oil fields : the act of state doctrine -- Joint ventures in Nigeria : a request for depositions -- Peruvian payments : the story of a tangled web. 330 $aThe world of business is rife with dark and clandestine schemes meant to ensure that deals proceed more quickly--and more advantageously to the payor--than they otherwise would. This book details two dozen of the most important and interesting U.S. judicial opinions dealing with commercial bribery, both domestic and foreign. 606 $aCorporations$xCorrupt practices$zUnited States 606 $aBribery$zUnited States 606 $aCorporations$xCorrupt practices 606 $aBribery 606 $aBribery$2fast$3(OCoLC)fst00838559 606 $aCorporations$xCorrupt practices$2fast$3(OCoLC)fst00879825 607 $aUnited States$2fast 615 0$aCorporations$xCorrupt practices 615 0$aBribery 615 0$aCorporations$xCorrupt practices. 615 0$aBribery. 615 7$aBribery. 615 7$aCorporations$xCorrupt practices. 700 $aKuhne$b Cecil C.$cIII,$f1952-$01335560 712 02$aAmerican Bar Association.$bSolo, Small Firm and General Practice Division, 906 $aBOOK 912 $a9910671103203321 996 $aBusiness bribes$93049711 997 $aUNINA LEADER 01794nam 2200505 450 001 9910160760403321 005 20200122021318.0 010 $a1-59857-906-1 035 $a(CKB)3710000001026039 035 $a(MiAaPQ)EBC4789485 035 $a(EXLCZ)993710000001026039 100 $a20170203h20172017 uy 0 101 0 $aeng 135 $aurcnu|||||||| 181 $2rdacontent 182 $2rdamedia 183 $2rdacarrier 200 02$aA comprehensive guide to intellectual and developmental disabilities /$fedited by Michael L. Wehmeyer [and four others] 205 $aSecond edition. 210 1$aBaltimore, Maryland ;$aLondon, [England] ;$aSydney, [Australia] :$cPaul H. Brookes Publishing, Co.,$d2017. 210 4$dİ2017 215 $a1 online resource (785 pages) $cillustrations 311 $a1-59857-602-X 320 $aIncludes bibliographical references at the end of each chapters and index. 606 $aDevelopmentally disabled 606 $aPeople with mental disabilities 606 $aDevelopmental disabilities 606 $aIntellectual disability 606 $aDevelopmentally disabled$xServices for 606 $aPeople with mental disabilities$xServices for 615 0$aDevelopmentally disabled. 615 0$aPeople with mental disabilities. 615 0$aDevelopmental disabilities. 615 0$aIntellectual disability. 615 0$aDevelopmentally disabled$xServices for. 615 0$aPeople with mental disabilities$xServices for. 676 $a362.1968 702 $aWehmeyer$b Michael L. 801 0$bMiAaPQ 801 1$bMiAaPQ 801 2$bMiAaPQ 906 $aBOOK 912 $a9910160760403321 996 $aA comprehensive guide to intellectual and developmental disabilities$92886711 997 $aUNINA